La investigación de la enseñanza

Saved in:
Bibliographic Details
Main Author: Wittrock, Merlin C (Author)
Format: Book
Language:Spanish
Published: Barcelona Paidos 1989
Series:Paidos Educador, 87-88-89
Subjects:
Tags: Add Tag
No Tags, Be the first to tag this record!

MARC

LEADER 00000nam a2200000 a 4500
001 UCW7053
003 CL-VaPUC
008 920820e19890000SP |||||||||||||||||spa|d
082 0 4 |a 370.78  |b WIT  |2 21 
100 0 |a Wittrock, Merlin C  |e author  |9 312161 
245 1 3 |a La investigación de la enseñanza 
300 |a 3 v 
942 |c BK 
945 |d 19920820 00:00:00  |a rbrito 
260 |a Barcelona  |b Paidos  |c 1989 
650 0 |a Investigación educacional   |9 261192 
650 0 |a Teoría de la educación   |9 309368 
650 0 |a Métodos de enseñanza  |9 270413 
583 |a last modification  |c 19920820 00:00:00  |k Rodrigo Vera 
490 0 |a Paidos Educador, 87-88-89 
999 |c 219937  |d 219935 
952 |0 0  |1 0  |4 0  |6 370_780000000000000_WIT_1989  |7 0  |8 A  |9 211501  |a BIBEDU  |b BIBEDU  |d 2019-11-15  |h v.1  |i 279697K  |o 370.78 WIT 1989  |p 279697K  |r 2019-11-15  |w 2019-11-15  |y BK  |k EDU 
952 |0 0  |1 0  |4 0  |6 370_780000000000000_WIT_1989  |7 0  |8 A  |9 211502  |a BIBEDU  |b BIBEDU  |d 2019-11-15  |h v.2  |i 2796988  |o 370.78 WIT 1989  |p 2796988  |r 2019-11-15  |w 2019-11-15  |y BK  |k EDU 
952 |0 0  |1 0  |4 0  |6 370_780000000000000_WIT_1989  |7 0  |8 A  |9 211503  |a BIBEDU  |b BIBEDU  |d 2019-11-15  |h v.3  |i 2796996  |o 370.78 WIT 1989  |p 2796996  |r 2019-11-15  |w 2019-11-15  |y BK  |k EDU 
952 |0 0  |1 0  |4 0  |6 370_780000000000000_WIT_1989  |7 0  |8 A  |9 211504  |a BIBING  |b BIBING  |d 2019-11-15  |h v.1  |i 2797003  |o 370.78 WIT 1989  |p 2797003  |r 2025-01-20  |w 2019-11-15  |y BK  |k GEO 
952 |0 0  |1 0  |4 0  |6 370_780000000000000_WIT_1989  |7 0  |8 A  |9 211505  |a BIBING  |b BIBING  |d 2019-11-15  |h v.2  |i 2797011  |o 370.78 WIT 1989  |p 2797011  |r 2025-01-20  |w 2019-11-15  |y BK  |k GEO 
952 |0 0  |1 0  |4 0  |6 370_780000000000000_WIT_1989  |7 0  |8 A  |9 211506  |a BIBING  |b BIBING  |d 2019-11-15  |h v.3  |i 279702K  |o 370.78 WIT 1989  |p 279702K  |r 2025-01-20  |w 2019-11-15  |y BK  |k GEO